Gardening for Egypt and allied climates : by Mary Stout /

محفوظ في:

المؤلف الرئيسي: Stout, Mary

التنسيق: كتاب

اللغة: Undetermined

منشور في: London and Woking : Unwin Brothers limited, 1935.

الوسوم: إضافة وسم

لا توجد وسوم, كن أول من يضع وسما على هذه التسجيلة!

رقم الطلب: SB406 .S78

LEADER 00520nam a2200133Ia 4500
008 220401s9999||||xx |||||||||||||| ||und||
050 4 |a SB406 .S78 
100 1 |a Stout, Mary 
245 1 0 |a Gardening for Egypt and allied climates :  |b by Mary Stout /  |c Mary Stout. 
264 1 |a London and Woking :  |b Unwin Brothers limited,  |c 1935. 
300 |a 286p. :  |b illus. ;  |c 20cm. 
942 |2 lcc  |c BK 
952 |0 0  |1 0  |2 lcc  |4 0  |6 SB0406 S78  |7 1  |9 39312  |a ARCE  |b ARCE  |d 2022-04-01  |l 0  |o SB406 .S78  |p 1039414  |r 2022-04-01 00:00:00  |w 2022-04-01  |y BK 
999 |c 46893  |d 46893